Roblox Forsaken Chase & LMS Themes (Slasher Update) - Statistics

General Stats
  • This quiz has been taken 96 times
    56 since last reset
  • The average score is 18 of 50
Answer Stats
Hint Answer % Correct
Delirious Banana Bus Breakdown
69%
C00lkid (Default) Ready or Not
66%
Pursuer Famine
63%
Bluudud My Cool Bluu Tune!!!
56%
C00lkid vs 007n7 Plead
56%
Cupcakes LMS Smile
56%
Shedletsky vs 1x1x1x1 Creation of Hatred
53%
Gasharpoon Curiosity
53%
Vanity Killer Vanity
53%
Slasher (Default) Kill For Mother
53%
Gasharpoon Obsession
53%
Default LMS A Grave Soul
50%
Demon King Bad Faith
50%
Betrayed Bad Faith
50%
Annihilation vs Friend Elliot Close to Me
50%
Hitbox Accurate One Stud Angel
50%
Retro 1989
47%
Diva 1x1x1x1 vs Ghoul Two Time Burnout
47%
Pr3typriincess Cut-Throat Tea Party
47%
Kevin Don’t Touch My Chainsaw
47%
Stitchhare All Strings Attached
44%
Umbra All Strings Attached
44%
1x1x1x1 (Default) Domino Effect
44%
Yourself Corrupted Reflection
38%
Yourself Corrupted Reflection
38%
Yourself Corrupted Reflection
38%
Mafioso Debito Di Sonno
38%
Living Legend Living Legend
38%
Noli (Default) NULL_AND_VOID
38%
John Doe (Default) Viral Infection
38%
Milestone 3/4 Brutal Enigma
34%
YAAI PC Funeral
34%
Deep Sleep Chimes of the Lucid
31%
Color and Electricity #FF9CAE
31%
Annihilation Just Survivors and Killers
31%
Combat Initiation Xtreme Xtermination
31%
Diva Frostbite
28%
Diva Frostbite
28%
Timeless The End Is Nigh
28%
Divadayo Miracle Catastrophe
22%
035 Deference to Death
16%
Masked Man Cool One
13%
Hacklord 1x1x1x1 vs Heartbroken Shedletsky Through the Patches of Violet
9%
Geometry Geometry Skin Theme
6%
1Eggs Unreggconizable
6%
Hacklord Canto VI Boss 3 Battle Theme
3%
Milestone 3/4 Milestone Jason Theme (Revamped)
3%
Milestone 3/4 1x1x1x1 Milestone Theme
0%
Cupcakes Cupcake C00lkidd Theme
0%
Vanity Jason LMS Killer Vanity (LMS Remix)
0%
No matching quizzes found
Score Distribution
Percent of People with Each Score
Percentile by Number Answered
Your Score History
You have not taken this quiz since the last reset